Dios-ateísmo /
La Semana de Teología se realizó en la Facultad de Teología de la Universidad de Deusto en el año de 1968. El objetivo de la misma fue estudiar objetivamente el fenómeno ateo como un hecho cultural y como teoría. Bajo esta perspectiva, la obra reúne las ponencias que diversos pensadores plantearon a...
Uloženo v:
| Korporativní autor: | |
|---|---|
| Médium: | Konferenční příspěvek Kniha |
| Jazyk: | španělština |
| Vydáno: |
Bilbao, España :
Mensajero,
1968, c1968
|
| Témata: | |
| Tagy: |
Žádné tagy, Buďte první, kdo vytvoří štítek k tomuto záznamu!
|
MARC
| LEADER | 00000nam^a2200000^a^4500 | ||
|---|---|---|---|
| 001 | 000258516 | ||
| 005 | 20250521000000.0 | ||
| 009 | 20260310110328.427 | ||
| 037 | |a Acervo Xavier Clavigero | ||
| 041 | |a ESP | ||
| 082 | |a 211. 8 |b SEM | ||
| 111 | |a Semana de Teología ( |n 3a : |d 1968 : |c Universidad de Deusto) | ||
| 245 | 1 | 0 | |a Dios-ateísmo / |c Semana de Teología ; presen. de José Arana. |
| 264 | 4 | |a Bilbao, España : |b Mensajero, |c 1968, c1968 | |
| 300 | |a 540 p. | ||
| 336 | |a texto |b txt |2 rdacontenido | ||
| 337 | |a sin mediación |b n |2 rdamedio | ||
| 338 | |a volumen |b nc |2 rdasoporte | ||
| 520 | |a La Semana de Teología se realizó en la Facultad de Teología de la Universidad de Deusto en el año de 1968. El objetivo de la misma fue estudiar objetivamente el fenómeno ateo como un hecho cultural y como teoría. Bajo esta perspectiva, la obra reúne las ponencias que diversos pensadores plantearon acerca de las concepciones sobre Dios, el cristianismo y el ateísmo. | ||
| 649 | |a XX | ||
| 650 | |a Teología - |x Congresos | ||
| 650 | |a Dios - |x Existencia | ||
| 650 | |a Ateísmo | ||
| 650 | |a Existencialismo Ateo | ||
| 650 | |a Comunismo | ||
| 650 | |a Etica | ||
| 650 | |a Psicología | ||
| 650 | |a Iglesia Católica | ||
| 650 | |a Catolicismo | ||
| 650 | |a Cristianismo | ||
| 650 | |a Religión - |x Congresos | ||
| 910 | |a Fondo General | ||
| 920 | |a Impresos - Libros | ||
| 930 | |a Colección General | ||
| 905 | |a 101 | ||
| 901 | |a 000914 |b IT1 |c ACC |u 20250521 | ||
| 902 | |a https://opac.biblio.iteso.mx/vufind/Record/000258516 | ||